|
|
|
|
| LEADER |
02608nam a2200649 4500 |
| 001 |
ocn863383839 |
| 003 |
OCoLC |
| 005 |
20170124070035.1 |
| 006 |
m o d |
| 007 |
cr ||||||||||| |
| 008 |
131118s2014 enk ob 001 0 eng |
| 010 |
|
|
|a 2013046292
|
| 040 |
|
|
|a DLC
|b eng
|e rda
|e pn
|c DLC
|d YDX
|d N$T
|d E7B
|d DG1
|d CUI
|d CUS
|d YDXCP
|d CCO
|d COO
|d OCLCQ
|d EBLCP
|d DEBBG
|d GrThAP
|
| 019 |
|
|
|a 927509038
|a 961620052
|a 962566403
|
| 020 |
|
|
|a 9781118836392
|q (ePub)
|
| 020 |
|
|
|a 1118836391
|q (ePub)
|
| 020 |
|
|
|a 9781118836286
|q (Adobe PDF)
|
| 020 |
|
|
|a 1118836286
|q (Adobe PDF)
|
| 020 |
|
|
|a 9781118836330
|q (electronic bk.)
|
| 020 |
|
|
|a 1118836332
|q (electronic bk.)
|
| 020 |
|
|
|a 1444350943
|q (cloth)
|
| 020 |
|
|
|a 9781444350944
|q (cloth)
|
| 020 |
|
|
|z 9781444350944
|q (cloth)
|
| 029 |
1 |
|
|a CHNEW
|b 000692053
|
| 029 |
1 |
|
|a CHNEW
|b 000692056
|
| 029 |
1 |
|
|a NZ1
|b 15497426
|
| 029 |
1 |
|
|a NZ1
|b 15906673
|
| 029 |
1 |
|
|a DEBBG
|b BV043396349
|
| 035 |
|
|
|a (OCoLC)863383839
|z (OCoLC)927509038
|z (OCoLC)961620052
|z (OCoLC)962566403
|
| 042 |
|
|
|a pcc
|
| 043 |
|
|
|a n-us---
|a e-fr---
|
| 050 |
0 |
0 |
|a D545.A63
|
| 072 |
|
7 |
|a HIS
|x 010020
|2 bisacsh
|
| 082 |
0 |
0 |
|a 940.54/214381
|2 23
|
| 049 |
|
|
|a MAIN
|
| 245 |
0 |
2 |
|a A companion to the Meuse-Argonne campaign /
|c edited by Edward G. Lengel.
|
| 264 |
|
1 |
|a Chichester, West Sussex :
|b John Wiley & Sons Inc,
|c [2014]
|
| 300 |
|
|
|a 1 online resource.
|
| 336 |
|
|
|a text
|b txt
|2 rdacontent
|
| 337 |
|
|
|a computer
|b c
|2 rdamedia
|
| 338 |
|
|
|a online resource
|b cr
|2 rdacarrier
|
| 490 |
1 |
|
|a Wiley Blackwell companions to history
|
| 504 |
|
|
|a Includes bibliographical references and index.
|
| 588 |
0 |
|
|a Print version record and CIP data provided by publisher.
|
| 505 |
0 |
|
|a Part I. The big picture -- part II. Combat -- part III. France and Germany in the Meuse-Argonne -- part IV. Perspectives -- part V. Lessons.
|
| 650 |
|
0 |
|a Argonne, Battle of the, France, 1918.
|
| 650 |
|
0 |
|a World War, 1914-1918
|x Campaigns
|z Meuse River Valley.
|
| 650 |
|
0 |
|a World War, 1914-1918
|x Campaigns
|z France
|x Historiography.
|
| 650 |
|
7 |
|a HISTORY
|z Europe
|x Western.
|2 bisacsh
|
| 650 |
|
4 |
|a World War, 1914-1918 - Campaigns - France - Historiography.
|
| 655 |
|
4 |
|a Electronic books.
|
| 655 |
|
0 |
|a Electronic books.
|
| 700 |
1 |
|
|a Lengel, Edward G.,
|e editor.
|
| 776 |
0 |
8 |
|i Print version:
|t Companion to the Meuse-Argonne campaign.
|d Chichester, West Sussex : John Wiley & Sons Inc, [2014]
|z 9781444350944
|w (DLC) 2013042865
|
| 830 |
|
0 |
|a Wiley-Blackwell companions to history.
|
| 856 |
4 |
0 |
|u https://doi.org/10.1002/9781118836330
|z Full Text via HEAL-Link
|
| 994 |
|
|
|a 92
|b DG1
|